000 00888nam a2200301Ia 4500
003 OSt
005 20221007123319.0
006 a|||||r|||| 00| 0
007 ta
008 221006b |||||||| |||| 00| 0 eng d
020 _a0125614608 (hbd)
_c
_ 120.00
024 _a6400
037 _bAshutosh,
_cTextual
040 _aPAPL
_cPAPL
_beng
041 _2eng
_aeng
082 _aC6:21g, P0 Carpa
100 _aPoole Charles P Ed
_9717067
245 0 _aHandbook of superconductivity
260 _aSan
_bDiego Academic Press
_c2000
300 _axiii,693p
_ccm.
500 _aIncludes bibliographical references; Index 687-693p
650 _a Conduction
650 _a Electricity
_9264331
650 _a Handbook
_9279951
650 _aPhysics
942 _hC6:21g, P0 Carpa
_cTEXL
_2CC
999 _c1211678
_d1211678